00736 2200205 4500001002100000005001700021008004100038035002400079040001200103082001100115090002000126100002300146245013200169260010600301300004400407504002700451650002200478850001200500990001800512YOGYA-1212000000007520121206095020.0 ind  0010-121200000000074 aYOPDYOG a339.47 aSk 339.47 Erw P aERWIN BAWINDRAWATI aPengeluaran konsumsi dan tabungan buruh batik di kelurahan Patehan, kecamatan Kraton, kotamadya Yogyakarta/cErwin Bawindrawati aYogyakarta :bJurusan Ilmu Ekonomi dan Studi Pembangunan Sekolah Tinggi Ilmu Ekonomi Kerjasama,c1998 aix, 54(22)lbr. :bilus., lamp. ;c30 cm aBibliografi : (lbr.23) aKonsumsi(ekonomi) aYOPDYOG a42240-PD/A.12